Effects and determination related enzymes in rubber tree: Resistance induced by BTH to Oidium heveae (Record no. 58273)

MARC details
000 -LEADER
fixed length control field 00659nam a2200157Ia 4500
100 ## - MAIN ENTRY--AUTHOR NAME
Personal name Luo Chan-Jian
245 #0 - TITLE STATEMENT
Title Effects and determination related enzymes in rubber tree: Resistance induced by BTH to Oidium heveae
260 ## - PUBLICATION, DISTRIBUTION, ETC. (IMPRINT)
Name of publisher Climate Change, Low Carbon Economy and Sustainable Natural Rubber Industry: Preprints of Proceedings of IRRDB International Rubber Conference 2010, 18-19 October 2010 Sanya, Hainan, China, pp. 312.
650 ## - SUBJECT ADDED ENTRY--TOPICAL TERM
Topical Term BTH
650 ## - SUBJECT ADDED ENTRY--TOPICAL TERM
Topical Term Oidium heveae
650 ## - SUBJECT ADDED ENTRY--TOPICAL TERM
Topical Term Resistance related enzymes
650 ## - SUBJECT ADDED ENTRY--TOPICAL TERM
Topical Term Systemic acquired resistance
856 ## - ELECTRONIC LOCATION AND ACCESS
Uniform Resource Identifier Abst only
942 ## - ADDED ENTRY ELEMENTS (KOHA)
Koha item type Journals
Holdings
Withdrawn status Lost status Damaged status Not for loan Home library Current library Shelving location Date acquired Koha item type
      Journals RRII Library RRII Library Pathology 06/08/2012 Journals